A hatalom a társadalom újszerű elemzése
Elmentve itt :
| Szerző: | |
|---|---|
| További közreműködők: | |
| Adatforrás: | Philobibl |
| Dokumentumtípus: | Könyv |
| Nyelv: | magyar |
| Kulcsszavak: | politikaelmélet hatalom társadalomelmélet |
| Megjelent: |
[Budapest]
Typotex
2004
|
| Sorozat: | Civil szellem
|
| Online elérés: | előfizetéssel hozzáférhető |
| LEADER | 00678nam a2200205 c 4500 | ||
|---|---|---|---|
| 001 | bibPHI0029995 | ||
| 005 | 20221124092537.9 | ||
| 008 | 070222s2004 xx hun | ||
| 100 | 1 | |a Russell, Bertrand | |
| 240 | 1 | 0 | |a Power! |l magyar |
| 245 | 1 | 2 | |a A hatalom |b a társadalom újszerű elemzése |c Bertrand Russell ;[ford. Ádám András] |
| 260 | |a [Budapest] |b Typotex |c 2004 | ||
| 300 | |a 200 p. | ||
| 490 | 1 | |a Civil szellem, |v 7. | |
| 695 | |a politikaelmélet | ||
| 695 | |a hatalom | ||
| 695 | |a társadalomelmélet | ||
| 700 | 1 | |a Ádám András | |
| 830 | 0 | |a Civil szellem | |
| 856 | 4 | 1 | |3 Full text |u https://edu.interkonyv.hu/book/419-bertrand_russell_a_hatalom |z előfizetéssel hozzáférhető |